| 000 | 00850nam a2200241Ia 4500 | ||
|---|---|---|---|
| 008 | 130821s2009 sp a gr spa | ||
| 020 | _a978 84 7978 934 3 | ||
| 040 |
_aCo-BoUCM _bspa |
||
| 041 | 0 | 0 | _aspa |
| 060 | 0 | 0 | _aQT 255 |
| 245 | 0 | 0 |
_aActividad física y salud _cSara Márquez Rosa y Nuria Garatachea Vallejo,directoras |
| 260 |
_aMadrid (España) _bEdiciones Díaz de Santos _c2009 |
||
| 300 |
_axviii, 584 páginas _bilustraciones, cuadros |
||
| 490 | 0 | _aSerie Salud y Nutrición | |
| 504 | _aIncluye referencias bibliográficas e índice. | ||
| 650 |
_aEjercicio _913933 |
||
| 650 |
_aMedicina del deporte _919144 |
||
| 650 |
_aNutrición _920616 |
||
| 650 |
_aSalud _923914 |
||
| 700 | 1 |
_aGaratachea Vallejo, Nuria _edir. _9169258 |
|
| 700 | 1 |
_aMárquez Rosa, Sara _edir. _9169259 |
|
| 942 |
_cLIBRO _a26 _e1 _mA188 _2NLM _hQT 255 _n0 |
||
| 999 |
_c75596 _d75596 |
||